<?xml version="1.0" encoding="UTF-8"?>
<record
    xmlns:xsi="http://www.w3.org/2001/XMLSchema-instance"
    xsi:schemaLocation="http://www.loc.gov/MARC21/slim http://www.loc.gov/standards/marcxml/schema/MARC21slim.xsd"
    xmlns="http://www.loc.gov/MARC21/slim">

  <leader>00418nam a22001097a 4500</leader>
  <datafield tag="999" ind1=" " ind2=" ">
    <subfield code="c">6533</subfield>
    <subfield code="d">6533</subfield>
  </datafield>
  <controlfield tag="008">200206b           ||||| |||| 00| 0 eng d</controlfield>
  <datafield tag="020" ind1=" " ind2=" ">
    <subfield code="a">9789987417315</subfield>
  </datafield>
  <datafield tag="082" ind1=" " ind2=" ">
    <subfield code="a">342.678 CON</subfield>
  </datafield>
  <datafield tag="100" ind1=" " ind2=" ">
    <subfield code="a">SHIVJI, ISSA G.</subfield>
    <subfield code="c">SHIVJI, ISSA G. (ed), MAJAMBA, HAMUDI I., MAKARAMBA, ROBERT V., AND PETER, CHRIS M.</subfield>
  </datafield>
  <datafield tag="245" ind1=" " ind2=" ">
    <subfield code="a">CONSTITUTIONAL AND LEGAL SYSTEM OF TANZANIA:</subfield>
    <subfield code="b">A CIVICS SOURCEBOOK</subfield>
  </datafield>
  <datafield tag="260" ind1=" " ind2=" ">
    <subfield code="a">DAR ES SALAAM,</subfield>
    <subfield code="b">MKUKI NA NYOTA,</subfield>
    <subfield code="c">2004.</subfield>
  </datafield>
  <datafield tag="952" ind1=" " ind2=" ">
    <subfield code="0">0</subfield>
    <subfield code="1">0</subfield>
    <subfield code="2">ddc</subfield>
    <subfield code="4">0</subfield>
    <subfield code="6">342_678000000000000_CON</subfield>
    <subfield code="7">1</subfield>
    <subfield code="9">19096</subfield>
    <subfield code="a">1000</subfield>
    <subfield code="b">1000</subfield>
    <subfield code="d">2020-02-06</subfield>
    <subfield code="l">0</subfield>
    <subfield code="o">342.678 CON</subfield>
    <subfield code="p">0000000017193</subfield>
    <subfield code="r">2020-02-06</subfield>
    <subfield code="w">2020-02-06</subfield>
    <subfield code="y">BKRESERVE</subfield>
  </datafield>
</record>
